ბათუმის შოთა რუსთაველის სახელმწიფო უნივერსიტეტის ბიბლიოთეკა

თავისუფლების მომღერლები (ბიბ.ჩანაწერი № 49851)

000 -LEADER
fixed length control field 00963nam a2200217Ia 4500
001 - CONTROL NUMBER
control field 16786
003 - CONTROL NUMBER IDENTIFIER
control field GE_BSU
008 - FIXED-LENGTH DATA ELEMENTS--GENERAL INFORMATION
fixed length control field 181216s||||||||xx |||||||||||||| ||und||
040 ## - CATALOGING SOURCE
Transcribing agency GE_BSU
080 ## - UNIVERSAL DECIMAL CLASSIFICATION NUMBER
Universal Decimal Classification number 821-1
245 ## - TITLE STATEMENT
Title თავისუფლების მომღერლები
245 ## - TITLE STATEMENT
Remainder of title სახალხო დემოკრატიის ქვეყნების პოეტები
245 ## - TITLE STATEMENT
Statement of responsibility, etc. თარგმ. გრ. აბაშიძისა. რედ. ბ. მირცხულავა. მხ. ნიორაძე შ. კაპანაძე ზ.
260 ## - PUBLICATION, DISTRIBUTION, ETC.
Place of publication, distribution, etc. თბილისი
260 ## - PUBLICATION, DISTRIBUTION, ETC.
Name of publisher, distributor, etc. საბჭ. საქართველო
260 ## - PUBLICATION, DISTRIBUTION, ETC.
Date of publication, distribution, etc. 1958
300 ## - PHYSICAL DESCRIPTION
Extent 295გვ. ; 20სმ.
653 ## - INDEX TERM--UNCONTROLLED
Uncontrolled term თავისუფლების მომღერლები
653 ## - INDEX TERM--UNCONTROLLED
Uncontrolled term სახალხო დემოკრატიის ქვეყნების პოეტები
942 ## - ADDED ENTRY ELEMENTS (KOHA)
Koha item type წიგნი
ეგზემპლარები
Withdrawn status Lost status Damaged status Not for loan Date acquired Barcode Date last seen Price effective from Koha item type
        2018-12-17 22102 2018-12-17 2018-12-17 წიგნი
        2018-12-17 22103 2018-12-17 2018-12-17 წიგნი
        2018-12-17 22104 2018-12-17 2018-12-17 წიგნი
        2018-12-17 22105 2018-12-17 2018-12-17 წიგნი
        2018-12-17 22106 2018-12-17 2018-12-17 წიგნი
        2018-12-17 22108 2018-12-17 2018-12-17 წიგნი
        2018-12-17 22107 2018-12-17 2018-12-17 წიგნი